000
00280nam a2200121 a 4500
008
130429s1979|||| d
100
1
_a
Lichnerová, A.
245
1
0
_a
Hladkovaná výšivka
260
_b
Práca
_a
Bratislava
_c
1979
041
_a
slo
044
_a
xo
_c
SK
020
_c
0
999
_c
20247
_d
20247